000 00302nam a22001337a 4500
008 170529b xxu||||| |||| 00| 0 eng d
020 _a9780393081800
041 _aeng
080 _a94(7/8(
100 _a16
101 _aSHH
245 _aTHE POST AMERICAN WORLD
_cZAKARIA .F
942 _2udc
_cBK
999 _c14974
_d14974